Paris - Restaurants 3 et 2 étoiles - Statistiques

Statistiques générales
  • Ce quiz a été pris 11 fois
  • Le résultat moyen est 7 sur 22
Statistiques - réponses
Adresse Réponse % Correct
8eme - George V Le Cinq
73%
7eme - Tour Eiffel Le Jules Verne
73%
4eme - 9 place des Vosges L'Ambroisie
55%
8eme - Le Bristol Épicure
45%
6eme - Monnaie de Paris - 11 quai de Conti Guy Savoy
45%
1er - 5 rue Coq Héron Kei
45%
7eme - 84 rue de Varenne L'Arpege
45%
1er - Cheval Blanc Le Plenitude
45%
8eme - Peninsula L'Oiseau Blanc
45%
8eme - Hotel Balzac Pierre Gagnaire
45%
6eme - 4 rue d'Assas Marsan
36%
16eme - Route de Suresnes - Bois de Boulogne Le Pre Catalan
27%
8eme - George V L'Orangerie
27%
1er - Carré des Champs-Élysées - 8 avenue Dutuit Alléno Paris
18%
17eme - 20 rue Rennequin Maison Rostang
18%
8eme - 32 avenue Matignon La Scène
9%
8eme - 31 avenue Franklin D. Roosevelt Le Clarence
9%
8eme - 7 rue d'Aguesseau Le Grand Restaurant Jean-François Piège
0%
8eme - 15 rue Lamennais Le Taillevent
0%
7eme - 29 rue Surcouf Restaurant David Toutain
0%
1er - 41 rue de Valois Restaurant du Palais Royal
0%
1er - Le Meurice Restaurant Le Meurice Alain Ducasse
0%
Aucun quiz correspondant
Distribution des résultats
% des personnes avec chaque résultat
Percentile par nombre de réponses
Votre historique - résultats
Vous n’avez pas pris ce quiz